The population crisis ; implications and plans for action /

Bibliographic Details
Main Author: Ng, Larry K. Y.
Corporate Author: World Academy of Art and Science
Other Authors: Mudd, Stuart, 1893-
Format: Book
Language:English
Published: Bloomington : Indiana University Press, 1965.
Series:Midland book, MB75
Subjects:

MARC

Tag First Indicator Second Indicator Subfields
LEADER 00000cam a2200000 4500
001 in00000373521
005 20151011082947.0
008 711104s1965 inua b 00110 eng
010 |a  65011796  
035 |a (OCoLC)00168897 
035 |9 ABQ1654AM 
040 |c WSU  |d TXA  |d UtOrBLW 
049 |a TXAM  |c [413227] 
050 0 0 |a HB885  |b .N5 1965 
100 1 |a Ng, Larry K. Y. 
245 1 4 |a The population crisis ;  |b implications and plans for action /  |c Edited by Larry K. Y. Ng. Stuart Mudd, co-editor. Associate editors: Hugo Boyko [and others]. 
264 1 |a Bloomington :  |b Indiana University Press,  |c 1965. 
300 |a xi, 364 pages :  |b illustrations ;  |c 21 cm. 
336 |a text  |b txt  |2 rdacontent 
337 |a unmediated  |b n  |2 rdamedia 
338 |a volume  |b nc  |2 rdacarrier 
490 0 |a Midland book, MB75 
500 |a At head of title: World Academy of Art and Science. 
500 |a "Abridged and revised from The population crisis and the use of world resoures ... edited by Stuart Mudd, published in 1964." 
504 |a Bibliography: pages 347-350. 
650 0 |a Population. 
650 0 |a Natural resources. 
700 1 |a Mudd, Stuart,  |d 1893-  |t TPopulation crisis and the use of world resources. 
710 2 |a World Academy of Art and Science. 
999 |a MARS 
999 f f |s 344dbf06-8926-3952-b283-f0e08999c3fd  |i f1ed2b5b-12b1-3e0a-b8ac-dec967f18480  |t 0 
952 f f |p ric  |a Texas A&M University  |b Rellis Campus  |c Joint Library Facility  |d Remote Storage  |t 0  |e HB885 .N5 1965  |h Library of Congress classification  |i unmediated -- volume  |m A14802550723 
998 f f |a HB885 .N5 1965  |t 0  |l Remote Storage